APEC Schools

Silence as yoga / (Record no. 8221)

000 -LEADER
fixed length control field nam a22 7a 4500
005 - DATE AND TIME OF LATEST TRANSACTION
control field 20191018031457.0
008 - FIXED-LENGTH DATA ELEMENTS--GENERAL INFORMATION
fixed length control field 191018b xxu||||| |||| 00| 0 eng d
020 ## - IDENTIFIER FOR THE MANIFESTATION
Identifier for the Manifestation 8171201814
Binding paperback
040 ## - CATALOGING SOURCE
Language of Cataloging eng
Transcribing Agency APEC Schools Library
Description Conventions rda
082 ## - DEWEY DECIMAL CLASSIFICATION NUMBER
Classification number C 294.543
Author's Number P222s 2017
100 ## - CREATOR
Preferred Name of the Person Paramananda, Swami
245 ## - TITLE AND STATEMENT OF RESPONSIBILITY
Preferred Title Proper Silence as yoga /
Statement of Responsibility/Parallel Statement of Responsibility Swami Paramananda
264 ## - PUBLICATION STATEMENT
Place of publication, distribution, etc Mylapore, Chennai :
Publisher's Name/Parallel Publisher's Name Adhyaksha,
Copyright ©2017.
300 ## - PHYSICAL DESCRIPTION
Extent 73 pages ;
336 ## - RDA CONTENT
Source rdacontent
Content Type text
337 ## - RDA MEDIA
Source rdamedia
Media Type unmediated
338 ## - RDA CARRIER
Source rdacarrier
Carrier Type volume
650 ## - ADDED SUBJECT ACCESS POINT - TOPICAL TERM
Topical Term Silence.
650 ## - ADDED SUBJECT ACCESS POINT - TOPICAL TERM
Topical Term Yoga.
650 ## - ADDED SUBJECT ACCESS POINT - TOPICAL TERM
Topical Term Hinduism.
942 ## - ADDED ENTRY ELEMENTS (KOHA)
Source of Classification
Koha Item Type Non Fiction
Holdings
Library Site Location Shelving Location Source of Acquisition Full Classification Number Accession Number Koha Item Type
APEC Roxas Boulevard Library APEC Roxas Boulevard Library Circulation Institutional Fund C 294.543 P222s 2017 B06-0000313 Non Fiction
APEC Silangan, Pateros Library APEC Silangan, Pateros Library Circulation Institutional Fund C 294.543 P222s 2017 B07-0000394 Non Fiction
APEC Sta. Rita Library APEC Sta. Rita Library Circulation Institutional Fund C 294.543 P222s 2017 B02-0000417 Non Fiction
APEC Tondo Library APEC Tondo Library Circulation Institutional Fund C 294.543 P222s 2017 A10-0000331 Non Fiction
APEC V. Luna Library APEC V. Luna Library Circulation Institutional Fund C 294.543 P222s 2017 A01-0000362 Non Fiction

Powered by Koha